| 000 | 00581nam a2200193Ia 4500 | ||
|---|---|---|---|
| 999 |
_c4347 _d4347 |
||
| 020 | _a81-87502-48-7 | ||
| 082 | _a305.800954165 NUH-M | ||
| 100 | _aNuh, V.K. | ||
| 245 | 0 | _aMy native country: the land of the Nagas | |
| 260 |
_aGuwahati _bSpectrum Publications _c2002 |
||
| 300 | _axiv, 153 | ||
| 504 | _aincludes bibliography and index | ||
| 650 |
_aNagaland _vPolitics and government |
||
| 650 |
_aNagaland _vSocial conditions |
||
| 650 |
_aNaga (South Asian people) _vEthnic identity _zNagaland |
||
| 650 |
_aNagaland _vHistory |
||
| 650 |
_aGeography _zNagaland |
||
| 942 | _cBK | ||